| 000 | 00596nam a2200205Ia 4500 | ||
|---|---|---|---|
| 005 | 20250923144806.0 | ||
| 008 | 008 250917s9999 xx 000 0 eng d | ||
| 037 | _aTextual | ||
| 040 |
_aDSWL _beng _cDSWL |
||
| 041 |
_aeng _2eng |
||
| 084 |
_aY73(Q2):4.2:2, N28 _qDSWL |
||
| 100 |
_aIyer, C.S. Ranga _9828469 |
||
| 245 | 0 |
_aFather India A reply to mother India _cby C.S. Ranga Iyer |
|
| 260 |
_aLondon _bSelwin& Blrant Ltd. _c1928 |
||
| 300 | _a207p. | ||
| 365 |
_aINR _b10 |
||
| 925 | _g10 | ||
| 942 |
_cTEXL _hY73(Q2):4.2:2, N28 |
||
| 999 |
_c1443400 _d1443400 |
||